000 00606nam a2200229Ia 4500
003 OSt
005 20220924144156.0
006 a|||||r|||| 00| 0
007 ta
008 220923b |||||||| |||| 00| 0 urd d
024 _a312624
037 _cTextual
040 _aARTS
_cARTS
_burd
041 _2urd
_aurd
082 _aO168,1L97:g(S:55), P8
100 _aKidwai Sadiq-Ur-Rahmnan
_9217174
245 0 _aTamanna kahen jise
260 _c2008
650 _aURDU POETRY
942 _hO168,1L97:g(S:55), P8
_cTEXL
_2CC
999 _c456348
_d456348